Understanding German Real Estate Markets 2012 (Record no. 113852)

MARC details
000 -LEADER
fixed length control field 02319cam a22002535a 4500
001 - CONTROL NUMBER
control field L155821
008 - FIXED-LENGTH DATA ELEMENTS--GENERAL INFORMATION
fixed length control field 120417s2012 xxk f 000 0 eng d
020 ## - INTERNATIONAL STANDARD BOOK NUMBER
International Standard Book Number 9783642236112
035 ## - SYSTEM CONTROL NUMBER
System control number (Sirsi) u155821
041 0# - LANGUAGE CODE
Language code of text/sound track or separate title eng
245 00 - TITLE STATEMENT
Title Understanding German Real Estate Markets 2012
Medium [electronic resource]
260 ## - PUBLICATION, DISTRIBUTION, ETC.
Name of publisher, distributor, etc. Springer Verlag
Date of publication, distribution, etc. 2012
300 ## - PHYSICAL DESCRIPTION
Extent ebook
505 2# - FORMATTED CONTENTS NOTE
Formatted contents note Part I Macro Environment -- Real Estate Data Sources in Germany -- Size and Impact of Real Estate Sector and Its Role for Business Cycles and Growth -- Demographic Outlook and the Implications for Real Estate Markets -- Sustainable Buildings -- The German City System -- Part II Judicial Framework -- Regulations and Laws on Real Estate Agents, Notaries and Cadastres -- Legal Framework for Real Estate Asset Classes -- Valuation of Real Estate in Germany -- Rental Law -- Planning and Building Law -- Part III Tax and Subsidy Framework -- Tax Framework for Investing by Asset Classes -- German Taxation of Real Estate Investments -- Monument Protection and Zoning: Regulations and Public Support from an International Perspective -- Part IV Financing -- Commercial Property Financing after the Crisis -- Going Public and M&A in the German Real Estate Market -- Part V Asset Classes -- Development of Residential Property -- German Office Markets -- Retail Property Markets -- Hotel Market Germany -- German Open-End Real Estate Funds -- German Closed-End Funds -- REOCs and REITs -- Derivatives on Real Estate Indices -- German Real Estate Returns in International Comparison -- Part VI Public Real Estate -- Public Real Estate -- PPP and Infrastructure
520 ## - SUMMARY, ETC.
Summary, etc. This book covers many topics related to investing in German real estate; i.e. economic as well as real estate, legal and tax issues The two editors have asked extensively knowledgable practioners as well as academicians. Prof. Schulte says that there is no other English publication that gives such a profound and simultaneously entertaining overview of German real estate markets.
590 ## - LOCAL NOTE (RLIN)
Local note ka ntk
650 24 - SUBJECT ADDED ENTRY--TOPICAL TERM
Topical term or geographic name entry element EBOOK
651 #4 - SUBJECT ADDED ENTRY--GEOGRAPHIC NAME
Geographic name Germany
690 ## - LOCAL SUBJECT ADDED ENTRY--TOPICAL TERM (OCLC, RLIN)
Topical term or geographic name as entry element Sales
9 (RLIN) 6269
700 1# - ADDED ENTRY--PERSONAL NAME
Personal name Just, Tobias
700 1# - ADDED ENTRY--PERSONAL NAME
Personal name Maennig, Wolfgang
856 40 - ELECTRONIC LOCATION AND ACCESS
Uniform Resource Identifier <a href="https://www.vlebooks.com/">https://www.vlebooks.com/</a>
Public note View on VLEbooks. Logins for members only from [email protected]
942 ## - ADDED ENTRY ELEMENTS (KOHA)
Suppress in OPAC 0
Holdings
Withdrawn status Lost status Source of classification or shelving scheme Damaged status Not for loan Home library Current library Shelving location Date acquired Total Checkouts Full call number Barcode Date last seen Copy number Price effective from Koha item type
    Dewey Decimal Classification     Virtual Virtual Online 17/04/2012   EBOOK 155821-1001 06/08/2019 1 06/08/2019 Book